[Event "7MCR_4D_1L_3S"]
[Site "?"]
[Date "2006.??.??"]
[Round "?"]
[White "Splichal, Josef"]
[Black "Alexa, Jaroslav"]
[Result "1/2-1/2"]
[WhiteElo "2242"]
[BlackElo "2359"]
[PlyCount "83"]
[EventDate "2006.??.??"]
[EventType "corr"]

1. e4 c5 2. c3 d5 3. exd5 Qxd5 4. Nf3 Nf6 5. Na3 Nc6 6. Bc4 Qd8 7. O-O e6 8. d4
cxd4 9. Nb5 Be7 10. Nbxd4 Nxd4 11. Nxd4 O-O 12. Bf4 Bd7 13. Qf3 Rc8 14. Bb3 Qb6
15. Rfe1 Bc6 16. Nxc6 Qxc6 17. Qxc6 Rxc6 18. Rad1 Rcc8 19. Be3 Bc5 20. Bxc5
Rxc5 21. h4 Rcc8 22. Rd4 Rfd8 23. Red1 Rxd4 24. Rxd4 Kf8 25. Ra4 a6 26. Rb4 Rc7
27. Kf1 Ke7 28. Ke2 Ne8 29. Rc4 Rd7 30. Rc8 Nd6 31. Rh8 h6 32. a4 Rc7 33. g3
Rc5 34. Bc2 Re5+ 35. Kd1 Rd5+ 36. Kc1 Rc5 37. Rg8 g6 38. Bd3 Rd5 39. Kc2 e5 40.
c4 Rc5 41. b4 Rc7 42. c5 1/2-1/2

[Event "7MCR_4D_1L_3S"]
[Site "?"]
[Date "2006.??.??"]
[Round "?"]
[White "Splichal, Josef"]
[Black "Beran, Petr"]
[Result "0-1"]
[WhiteElo "2242"]
[BlackElo "2212"]
[PlyCount "106"]
[EventDate "2006.??.??"]
[EventType "corr"]

1. e4 c6 2. d4 d5 3. e5 Bf5 4. Nf3 e6 5. c3 Nd7 6. Be2 Ne7 7. O-O c5 8. dxc5
Nxc5 9. Nd4 Bg6 10. f4 Nc6 11. Be3 Qd7 12. Nb3 Na4 13. Qc1 a6 14. Rd1 b5 15.
N1d2 Be7 16. Nf3 O-O 17. Qd2 Rfc8 18. Rac1 Qc7 19. Nfd4 Nb6 20. Bg4 Nc4 21. Qe2
Nxe3 22. Qxe3 Qb6 23. Rf1 Be4 24. Bf3 Bxf3 25. Rxf3 a5 26. Kh1 a4 27. Nxc6 Rxc6
28. Qxb6 Rxb6 29. Nd4 Rc8 30. g3 b4 31. b3 axb3 32. axb3 Rb7 33. Ne2 Rbc7 34.
Kg2 f6 35. Rc2 g6 36. Kf1 Kf7 37. g4 h6 38. h4 fxe5 39. fxe5+ Ke8 40. Rh3 Kd7
41. Kg2 bxc3 42. Rcxc3 Rxc3 43. Nxc3 Rb8 44. Nd1 Kc6 45. Rc3+ Bc5 46. Nf2 d4
47. Rh3 Be7 48. Ne4 Rd8 49. Nf2 Kd5 50. Nd3 Ke4 51. Kf1 Ra8 52. b4 g5 53. hxg5
Bxg5 0-1

[Event "7MCR_4D_1L_3S"]
[Site "?"]
[Date "2006.??.??"]
[Round "?"]
[White "Splichal, Josef"]
[Black "Kovar, Jan"]
[Result "1/2-1/2"]
[WhiteElo "2242"]
[BlackElo "2247"]
[PlyCount "64"]
[EventDate "2006.??.??"]
[EventType "corr"]

1. e4 e6 2. d4 d5 3. Nc3 Nf6 4. Bg5 dxe4 5. Nxe4 Nbd7 6. Nf3 h6 7. Nxf6+ Nxf6
8. Bh4 c5 9. dxc5 Qa5+ 10. c3 Qxc5 11. Bd3 Bd6 12. O-O Bd7 13. Be2 g5 14. Bg3
Bxg3 15. hxg3 O-O-O 16. Qd4 Qxd4 17. Nxd4 e5 18. Nf3 Rhe8 19. Rfe1 Ne4 20. Bc4
f5 21. Rad1 Re7 22. Rd5 Rde8 23. Ra5 Kb8 24. Rd1 Nf6 25. Rd6 Ng4 26. Nh2 Nxh2
27. Kxh2 b6 28. Ra3 Be6 29. Bxe6 Rxe6 30. Rd7 a5 31. b4 axb4 32. cxb4 R8e7
1/2-1/2

[Event "7MCR_4D_1L_3S"]
[Site "?"]
[Date "2006.??.??"]
[Round "?"]
[White "Splichal, Josef"]
[Black "Kuchtova, Ruzena"]
[Result "1-0"]
[WhiteElo "2242"]
[BlackElo "2173"]
[PlyCount "71"]
[EventDate "2006.??.??"]
[EventType "corr"]

1. e4 c6 2. d4 d5 3. e5 Bf5 4. Nf3 e6 5. c3 c5 6. Bb5+ Nc6 7. O-O Qc7 8. Be3 c4
9. Ba4 a6 10. Ne1 Nge7 11. Nd2 b5 12. Bc2 Rb8 13. b4 a5 14. a3 h6 15. Ndf3 Bxc2
16. Nxc2 Nf5 17. Bf4 Rb7 18. Qe2 Be7 19. Ne3 O-O 20. Nxf5 exf5 21. Ne1 Qd7 22.
Nc2 Ra8 23. Rad1 axb4 24. axb4 Rba7 25. Qf3 Qe6 26. Ne3 g5 27. Nxd5 Bd8 28. g3
gxf4 29. Nxf4 Qe8 30. Rfe1 Ra2 31. e6 Ne7 32. d5 Bb6 33. Nh3 Kg7 34. d6 Ng6 35.
Qd5 R2a6 36. e7 1-0

[Event "7MCR_4D_1L_3S"]
[Site "?"]
[Date "2006.??.??"]
[Round "?"]
[White "Splichal, Josef"]
[Black "Pirhala, Ladislav"]
[Result "0-1"]
[WhiteElo "2242"]
[BlackElo "2092"]
[PlyCount "74"]
[EventDate "2006.??.??"]
[EventType "corr"]

1. e4 e5 2. Nf3 Nc6 3. Bb5 a6 4. Ba4 Nf6 5. d4 exd4 6. O-O Be7 7. Re1 b5 8. e5
Nxe5 9. Rxe5 d6 10. Re1 bxa4 11. Bg5 O-O 12. Qe2 h6 13. Bh4 g5 14. Qxe7 Qxe7
15. Rxe7 Nd5 16. Re2 gxh4 17. Nxd4 c5 18. Nf3 h3 19. Rd2 Bb7 20. g3 Rfe8 21.
Na3 Re6 22. Nh4 Rae8 23. Rf1 Nb6 24. f4 d5 25. Nf3 d4 26. Ne5 Bd5 27. Nd3 Nd7
28. c3 Re2 29. Rf2 Rxf2 30. Kxf2 Nf6 31. Kg1 Ne4 32. Re2 c4 33. Ne5 d3 34. Re1
Nd6 35. Kf1 Kg7 36. Kf2 f6 37. Nxd3 cxd3 0-1

[Event "7MCR_4D_1L_3S"]
[Site "?"]
[Date "2006.??.??"]
[Round "?"]
[White "Splichal, Josef"]
[Black "Svrsek, Radomir"]
[Result "1-0"]
[WhiteElo "2242"]
[BlackElo "2211"]
[PlyCount "145"]
[EventDate "2006.??.??"]
[EventType "corr"]

1. e4 e5 2. Nf3 Nc6 3. Bb5 a6 4. Ba4 Nf6 5. d4 Nxd4 6. Nxd4 exd4 7. e5 Ne4 8.
Qxd4 Nc5 9. Nc3 Ne6 10. Qg4 c6 11. Be3 Qa5 12. O-O Qxe5 13. Rae1 Qf6 14. f4 Qg6
15. Qd1 f5 16. Bb3 d5 17. Rf3 Bb4 18. Nxd5 cxd5 19. c3 Be7 20. Rg3 Qf7 21. Bd4
O-O 22. Bxd5 Rd8 23. Rxg7+ Nxg7 24. Bxf7+ Kxf7 25. Qc2 Re8 26. Qb3+ Be6 27.
Qxb7 Reb8 28. Qc6 Rc8 29. Qb7 Rcb8 30. Qc6 Rc8 31. Qf3 Bf6 32. Bxf6 Kxf6 33. b3
Ra7 34. Qh3 h5 35. c4 Rd7 36. Qc3+ Kf7 37. c5 Rc6 38. a4 a5 39. Qxa5 Bxb3 40.
Qb5 Bd5 41. Re5 Rcc7 42. h3 h4 43. Kh2 Bc6 44. Qb3+ Kg6 45. Qg8 Kf6 46. Qa2 Be4
47. a5 Ra7 48. Qb2 Kf7 49. Qb3+ Kg6 50. Qb6+ Kf7 51. a6 Rdc7 52. Kh1 Bc6 53.
Qb3+ Kf6 54. Qb8 Kf7 55. Qb6 Be4 56. Kh2 Kg8 57. g4 hxg3+ 58. Kxg3 Nh5+ 59. Kh4
Ng7 60. Qg6 Kh8 61. Qh6+ Kg8 62. Qb6 Rf7 63. Kg5 Ra8 64. Qb3 Kf8 65. h4 Ne8 66.
Re6 Rg7+ 67. Kh6 Rd8 68. h5 Bd5 69. Qb6 Rgd7 70. Rg6 Bf7 71. Rg5 Ke7 72. a7 Nf6
73. Qb8 1-0

[Event "7MCR_4D_1L_3S"]
[Site "?"]
[Date "2006.??.??"]
[Round "?"]
[White "Splichal, Josef"]
[Black "Trita, Stanislav"]
[Result "1/2-1/2"]
[WhiteElo "2242"]
[BlackElo "2159"]
[PlyCount "81"]
[EventDate "2006.??.??"]
[EventType "corr"]

1. e4 e6 2. d4 d5 3. Nc3 dxe4 4. Nxe4 Nd7 5. Nf3 Ngf6 6. Nxf6+ Nxf6 7. c3 Bd6
8. Bd3 O-O 9. Bg5 b6 10. Qc2 h6 11. Bh7+ Kh8 12. Be4 Rb8 13. h4 Bb7 14. Bxb7
Rxb7 15. O-O-O b5 16. Ne5 b4 17. c4 Be7 18. Qb3 Qc8 19. Kb1 c5 20. dxc5 Bxc5
21. Bxf6 gxf6 22. Ng4 f5 23. Nf6 Be7 24. Nh5 a5 25. Qf3 Rg8 26. Rc1 Rc7 27. Qe2
Rxg2 28. Nf4 Rg8 29. Rhg1 Kh7 30. Rxg8 Qxg8 31. Qe5 Rc5 32. Qd4 Qg4 33. Qd7
Qxf4 34. Qe8 Kg7 35. Rg1+ Bg5 36. hxg5 hxg5 37. Qd8 g4 38. f3 Qxc4 39. Qg5+ Kf8
40. Qd8+ Kg7 41. Qg5+ 1/2-1/2

[Event "7MCR_4D_1L_3S"]
[Site "?"]
[Date "2006.??.??"]
[Round "?"]
[White "Svrsek, Radomir"]
[Black "Beran, Petr"]
[Result "0-1"]
[WhiteElo "2211"]
[BlackElo "2212"]
[PlyCount "122"]
[EventDate "2006.??.??"]
[EventType "corr"]

1. d4 Nf6 2. c4 e6 3. Nf3 b6 4. e3 Bb7 5. Bd3 c5 6. O-O Be7 7. Nc3 cxd4 8. exd4
d5 9. cxd5 Nxd5 10. Nxd5 Bxd5 11. Ne5 O-O 12. Qh5 f5 13. Qe2 Bf6 14. Bf4 Bxe5
15. dxe5 Nc6 16. a3 Qh4 17. Qe3 h6 18. b4 g5 19. Bg3 f4 20. Bxh4 fxe3 21. Bg3
exf2+ 22. Rxf2 Rxf2 23. Kxf2 h5 24. b5 Ne7 25. Kg1 Rc8 26. Be1 Bc4 27. Rd1 Bxd3
28. Rxd3 Nd5 29. Bd2 g4 30. h3 Rc4 31. Be1 Kf7 32. hxg4 hxg4 33. Kh2 Kg6 34.
Rd1 Kf5 35. Bg3 Ra4 36. Rf1+ Kg5 37. Ra1 Nc3 38. Be1 Nxb5 39. Bb4 Nd4 40. Rf1
Nf5 41. Kg1 g3 42. Rf3 Kg4 43. Kf1 a5 44. Bd2 Rd4 45. Ke2 Re4+ 46. Kf1 a4 47.
Rc3 b5 48. Rc5 Ne3+ 49. Bxe3 Rxe3 50. Rxb5 Rxa3 51. Ke2 Kf4 52. Rb4+ Kxe5 53.
Rh4 Kd5 54. Rb4 e5 55. Rb5+ Ke4 56. Rb4+ Kf5 57. Rh4 e4 58. Rh5+ Kf4 59. Rh4+
Ke5 60. Rh8 Ra2+ 61. Ke3 Rxg2 0-1

[Event "7MCR_4D_1L_3S"]
[Site "?"]
[Date "2006.??.??"]
[Round "?"]
[White "Svrsek, Radomir"]
[Black "Canibal, Jaromir"]
[Result "1/2-1/2"]
[WhiteElo "2211"]
[BlackElo "2255"]
[PlyCount "114"]
[EventDate "2006.??.??"]
[EventType "corr"]

1. e4 e5 2. Nf3 Nf6 3. Nxe5 d6 4. Nf3 Nxe4 5. d4 d5 6. Bd3 Be7 7. O-O Nc6 8.
Re1 Bg4 9. c3 Nd6 10. Bf4 O-O 11. Nbd2 Qd7 12. Nf1 Be6 13. Qc2 f5 14. b4 Rae8
15. Re2 Qc8 16. Bxd6 Bxd6 17. Rae1 g6 18. b5 Na5 19. Qa4 b6 20. Ne5 Bxe5 21.
Rxe5 Bf7 22. Nd2 Rxe5 23. dxe5 c5 24. Qf4 Qd7 25. Nf3 Kg7 26. h4 Be6 27. h5 Qe7
28. Re3 Nc4 29. Bxc4 dxc4 30. Ng5 h6 31. Nxe6+ Qxe6 32. hxg6 Kxg6 33. Rh3 Kh7
34. Kh2 Rf7 35. Rf3 Kg6 36. Kg1 Kh7 37. a4 Rf8 38. Kh1 Kg6 39. Rh3 Kh7 40. Rh4
Rf7 41. Kg1 Rg7 42. g3 Rf7 43. a5 Kg7 44. a6 Rd7 45. Rh5 Rf7 46. Kg2 Rf8 47.
Rh1 Rd8 48. Qf3 Kg6 49. Qh5+ Kg7 50. Rh4 Rd5 51. Qf3 Qxe5 52. Rxc4 Rd7 53. Rg4+
Kh7 54. Rf4 Kg6 55. Kh2 Qe6 56. Rh4 Kg7 57. c4 Rd8 1/2-1/2

[Event "7MCR_4D_1L_3S"]
[Site "?"]
[Date "2006.??.??"]
[Round "?"]
[White "Svrsek, Radomir"]
[Black "Contos, Vaclav"]
[Result "0-1"]
[WhiteElo "2211"]
[BlackElo "2200"]
[PlyCount "92"]
[EventDate "2006.??.??"]
[EventType "corr"]

1. e4 e5 2. Nf3 d6 3. d4 Nd7 4. Bc4 c6 5. Ng5 Nh6 6. O-O Nb6 7. Bb3 Qf6 8. dxe5
dxe5 9. Be3 Be7 10. Nf3 Bg4 11. Nbd2 Bh5 12. h3 g5 13. g4 Nxg4 14. hxg4 Bxg4
15. Kg2 O-O-O 16. Rg1 h5 17. a4 Kb8 18. a5 Nc8 19. a6 b6 20. Qe2 Kc7 21. Rae1
Rhg8 22. Nc4 Bd6 23. Rd1 h4 24. Rd3 Bh5 25. Bd2 h3+ 26. Kg3 Be7 27. Qe3 Bc5 28.
Qe2 Rxd3 29. cxd3 Ne7 30. Bd1 Ng6 31. b4 Bxb4 32. Qe1 Bxf3 33. Bxf3 h2 34. Rh1
g4 35. Bxg4 Qh4+ 36. Kf3 Bc5 37. Be3 Nf4 38. Nxe5 Nxd3 39. Qc3 Qf6+ 40. Bf5
Nxe5+ 41. Ke2 Bxe3 42. Qxe3 Qd6 43. Qb3 b5 44. Qc2 Qa3 45. Rxh2 Qf3+ 46. Kf1
Rd8 0-1

[Event "7MCR_4D_1L_3S"]
[Site "?"]
[Date "2006.??.??"]
[Round "?"]
[White "Svrsek, Radomir"]
[Black "Krouzel, Jaroslav"]
[Result "1/2-1/2"]
[WhiteElo "2211"]
[BlackElo "2324"]
[PlyCount "71"]
[EventDate "2006.??.??"]
[EventType "corr"]

1. d4 f5 2. c4 Nf6 3. Nc3 e6 4. Nf3 Bb4 5. Qb3 Qe7 6. Bg5 O-O 7. e3 b6 8. Be2
Bb7 9. O-O Nc6 10. Nb5 Na5 11. Qa4 Bc6 12. Qd1 d5 13. Ne5 Bb7 14. cxd5 Bxd5 15.
Rc1 c5 16. dxc5 Bxc5 17. Nd3 Rac8 18. Nxc5 Rxc5 19. Nc3 Rd8 20. b4 Bxg2 21.
Kxg2 Rxd1 22. Rfxd1 Rc7 23. bxa5 h6 24. Bxf6 Qxf6 25. Ne4 Qe7 26. Rxc7 Qxc7 27.
axb6 axb6 28. Nd6 Qc2 29. Kf1 g5 30. Rd4 Kg7 31. Bc4 Kf6 32. h3 h5 33. Kg2 h4
34. Ne8+ Ke7 35. Ng7 g4 36. hxg4 1/2-1/2

[Event "7MCR_4D_1L_3S"]
[Site "?"]
[Date "2006.??.??"]
[Round "?"]
[White "Svrsek, Radomir"]
[Black "Portych, Vaclav"]
[Result "0-1"]
[WhiteElo "2211"]
[BlackElo "2116"]
[PlyCount "104"]
[EventDate "2006.??.??"]
[EventType "corr"]

1. Nf3 d5 2. d4 Nf6 3. e3 c5 4. dxc5 e6 5. c4 Bxc5 6. Nc3 Nc6 7. cxd5 exd5 8.
Be2 a6 9. O-O O-O 10. Qd3 Be6 11. a3 Rc8 12. Rd1 Qc7 13. b4 Bd6 14. Bb2 Ne5 15.
Nxe5 Bxe5 16. Rac1 Bxh2+ 17. Kh1 Qd6 18. Nxd5 Nxd5 19. Rxc8 Rxc8 20. Bf3 Nb6
21. Qd4 Qxd4 22. Bxd4 Bc7 23. Bxb7 Rb8 24. Bxa6 f6 25. Rc1 Be5 26. Bxe5 fxe5
27. Rc5 e4 28. Kh2 Kf7 29. Kg3 Kf6 30. Rc6 Ke5 31. f4+ Kf6 32. Bb5 Nc8 33. Bc4
Rb6 34. Bd5 Rxc6 35. Bxc6 Nd6 36. b5 Bc4 37. b6 Ba6 38. Kh4 g6 39. Bd5 h6 40.
g4 Bb7 41. Bxb7 Nxb7 42. a4 Ke6 43. g5 h5 44. Kh3 Kd7 45. f5 gxf5 46. g6 Ke7
47. Kh4 f4 48. Kg5 fxe3 49. Kh6 e2 50. g7 e1=Q 51. g8=Q Qd2+ 52. Kh7 Qf4 0-1

[Event "7MCR_4D_1L_3S"]
[Site "?"]
[Date "2006.??.??"]
[Round "?"]
[White "Svrsek, Radomir"]
[Black "Privoznik, Lubos"]
[Result "0-1"]
[WhiteElo "2211"]
[BlackElo "2343"]
[PlyCount "100"]
[EventDate "2006.??.??"]
[EventType "corr"]

1. e4 d6 2. d4 Nf6 3. Nc3 g6 4. Nf3 Bg7 5. Be2 O-O 6. O-O e6 7. Re1 Nc6 8. Bf4
h6 9. e5 dxe5 10. dxe5 Nd5 11. Nxd5 exd5 12. Bb5 Ne7 13. h3 c5 14. Qd2 Qb6 15.
a4 g5 16. Bg3 Rd8 17. Bd3 Bf5 18. Bxf5 Nxf5 19. Bh2 Rac8 20. a5 Qa6 21. Reb1 d4
22. b4 c4 23. b5 Qe6 24. Rb4 d3 25. c3 Rc5 26. a6 b6 27. Re1 Qd5 28. Qb2 Re8
29. Qb1 Re7 30. Kh1 Re6 31. Rb2 f6 32. Nd2 Nh4 33. f3 f5 34. Qa2 Bxe5 35. Bxe5
Rxe5 36. Rxe5 Qxe5 37. Nxc4 Qe1+ 38. Kh2 Kg7 39. Rd2 Rxc4 40. Rxd3 Rc7 41. Rd8
Rf7 42. Qc4 f4 43. Qd4+ Kg6 44. Qe4+ Qxe4 45. fxe4 Rc7 46. Rd6+ Kh5 47. Rd3 Rc5
48. g4+ Kg6 49. Rd6+ Kf7 50. Kg1 Rxc3 0-1

[Event "7MCR_4D_1L_3S"]
[Site "?"]
[Date "2006.??.??"]
[Round "?"]
[White "Svrsek, Radomir"]
[Black "Riha, Jan"]
[Result "1/2-1/2"]
[WhiteElo "2211"]
[BlackElo "2277"]
[PlyCount "74"]
[EventDate "2006.??.??"]
[EventType "corr"]

1. e4 e5 2. Nf3 Nf6 3. Nxe5 d6 4. Nf3 Nxe4 5. d4 d5 6. Bd3 Be7 7. O-O Nc6 8.
Re1 Bg4 9. c3 f5 10. Qb3 O-O 11. Qxb7 Rf6 12. Bf4 Rb8 13. Qxc7 Qxc7 14. Bxc7
Rxb2 15. Re2 Rb7 16. Bf4 Re6 17. Kf1 Rb6 18. h3 Bh5 19. Nbd2 g5 20. Bc7 Rb7 21.
Bh2 Rh6 22. Rb1 Nxd2+ 23. Rxd2 Rxb1+ 24. Bxb1 Bxf3 25. gxf3 f4 26. Kg2 Ba3 27.
Bc2 Kg7 28. Bb3 Ne7 29. Re2 Kf6 30. Re5 Bb2 31. Bxd5 Ng6 32. Re6+ Kg7 33. c4
Nh4+ 34. Kf1 Rxe6 35. Bxe6 Bxd4 36. Ke2 Kf6 37. Bg8 h6 1/2-1/2

[Event "7MCR_4D_1L_3S"]
[Site "?"]
[Date "2006.??.??"]
[Round "?"]
[White "Trita, Stanislav"]
[Black "Beran, Petr"]
[Result "1/2-1/2"]
[WhiteElo "2159"]
[BlackElo "2212"]
[PlyCount "40"]
[EventDate "2006.??.??"]
[EventType "corr"]

1. e4 c6 2. d4 d5 3. Nc3 dxe4 4. Nxe4 Nd7 5. Ng5 Ngf6 6. Bd3 e6 7. N1f3 Bd6 8.
Qe2 h6 9. Ne4 Nxe4 10. Qxe4 Nf6 11. Qe2 Qc7 12. Bd2 b6 13. O-O-O Bb7 14. Ne5 c5
15. Bb5+ Ke7 16. dxc5 Qxc5 17. f4 Rhd8 18. Bd3 Kf8 19. Kb1 Qd5 20. Rhg1 Bc5
1/2-1/2

[Event "7MCR_4D_1L_3S"]
[Site "?"]
[Date "2006.??.??"]
[Round "?"]
[White "Trita, Stanislav"]
[Black "Krouzel, Jaroslav"]
[Result "1/2-1/2"]
[WhiteElo "2159"]
[BlackElo "2324"]
[PlyCount "73"]
[EventDate "2006.??.??"]
[EventType "corr"]

1. e4 e6 2. d4 d5 3. Nd2 Nc6 4. Ngf3 Nf6 5. e5 Nd7 6. Nb3 Be7 7. Bb5 Ncb8 8.
O-O O-O 9. Bf4 b6 10. Rc1 a5 11. a4 Ba6 12. c4 dxc4 13. Bxc4 Bxc4 14. Rxc4 Na6
15. Bd2 Qb8 16. Qc2 Qb7 17. Bg5 Bd8 18. Bxd8 Rfxd8 19. Ng5 Nf8 20. Qe2 Qd5 21.
Re1 Rd7 22. Rec1 Ng6 23. g3 Rad8 24. Ne4 h6 25. Nc3 Qb7 26. Nb5 Ne7 27. f4 Qd5
28. g4 h5 29. Nc3 Qb7 30. f5 exf5 31. gxf5 Nxf5 32. Rf1 Nh6 33. Qxh5 c5 34. d5
Rxd5 35. Nxd5 Qxd5 36. Rc3 Nc7 37. Rg3 1/2-1/2

[Event "7MCR_4D_1L_3S"]
[Site "?"]
[Date "2006.??.??"]
[Round "?"]
[White "Trita, Stanislav"]
[Black "Kuchtova, Ruzena"]
[Result "1/2-1/2"]
[WhiteElo "2159"]
[BlackElo "2173"]
[PlyCount "59"]
[EventDate "2006.??.??"]
[EventType "corr"]

1. e4 c6 2. d4 d5 3. Nc3 dxe4 4. Nxe4 Nd7 5. Nf3 Ngf6 6. Nxf6+ Nxf6 7. Bc4 Bf5
8. O-O e6 9. Bf4 Bd6 10. Be5 Bxe5 11. dxe5 Qxd1 12. Raxd1 Nd7 13. c3 Bg4 14.
Rfe1 Ke7 15. Be2 Rhd8 16. Rd4 Bxf3 17. Bxf3 Nb6 18. Rb4 Rd2 19. Rd1 Rxd1+ 20.
Bxd1 Rd8 21. Bf3 Rd7 22. Kf1 f6 23. Rh4 h6 24. exf6+ Kxf6 25. Rf4+ Ke7 26. Rg4
g5 27. h4 Kf6 28. Ke2 e5 29. Be4 Nd5 30. g3 1/2-1/2

[Event "7MCR_4D_1L_3S"]
[Site "?"]
[Date "2006.??.??"]
[Round "?"]
[White "Trita, Stanislav"]
[Black "Portych, Vaclav"]
[Result "1-0"]
[WhiteElo "2159"]
[BlackElo "2116"]
[PlyCount "81"]
[EventDate "2006.??.??"]
[EventType "corr"]

1. e4 c5 2. Nf3 Nc6 3. Bb5 g6 4. O-O Bg7 5. c3 Nf6 6. Re1 O-O 7. d4 cxd4 8.
cxd4 d5 9. e5 Ne4 10. Bxc6 bxc6 11. Nbd2 c5 12. dxc5 Nxc5 13. Nb3 Nxb3 14. Qxb3
Bg4 15. Nd4 Rb8 16. Qg3 Bd7 17. b3 Qa5 18. Bg5 Rfe8 19. Qh4 Qa3 20. Rac1 a6 21.
h3 Rbd8 22. Ra1 a5 23. Bh6 e6 24. Bxg7 Kxg7 25. Re3 Rc8 26. Rf3 Qe7 27. Rf6 Qa3
28. Re1 Rf8 29. Re3 Qxa2 30. Kh2 a4 31. Rf4 axb3 32. Qe7 Kg8 33. Ref3 Rce8 34.
Qxd7 Rd8 35. Rxf7 Rxd7 36. Rxf8+ Kg7 37. Nxe6+ Kh6 38. R8f4 Kh5 39. g4+ Kh6 40.
g5+ Kh5 41. Kg3 1-0

[Event "7MCR_4D_1L_3S"]
[Site "?"]
[Date "2006.??.??"]
[Round "?"]
[White "Trita, Stanislav"]
[Black "Privoznik, Lubos"]
[Result "1-0"]
[WhiteElo "2159"]
[BlackElo "2343"]
[PlyCount "127"]
[EventDate "2006.??.??"]
[EventType "corr"]

1. e4 d6 2. d4 Nf6 3. Nc3 g6 4. Nf3 Bg7 5. Be2 O-O 6. O-O a6 7. Re1 b6 8. e5
Ne8 9. Bf4 Nc6 10. Bc4 e6 11. a3 Bb7 12. Qe2 Ne7 13. Rad1 d5 14. Bd3 c5 15. Qd2
c4 16. Bf1 Nc7 17. Bg5 Qd7 18. Bh6 Nb5 19. Nxb5 axb5 20. Bxg7 Kxg7 21. c3 Nc6
22. Qf4 f5 23. exf6+ Rxf6 24. Qg3 Raf8 25. Re3 Ne7 26. Qh3 Nf5 27. Re2 Qe7 28.
Rde1 Bc8 29. Ne5 Nd6 30. Ng4 Rf5 31. Qh6+ Kh8 32. g3 Nf7 33. Qd2 Ng5 34. Bg2
Nf3+ 35. Bxf3 Rxf3 36. Ne5 R3f5 37. f4 Qg7 38. Rf2 R5f6 39. Ref1 Bd7 40. Qe3 h5
41. Nf3 Kg8 42. Re1 Rf5 43. Rfe2 Re8 44. Nh4 Rff8 45. Qd2 Ra8 46. Re5 Rf6 47.
R1e3 Rc8 48. Qe1 Kf8 49. Qe2 Qf7 50. Nf3 Re8 51. Ng5 Qg8 52. Kg2 Re7 53. Kh1
Re8 54. Kg1 Qg7 55. Rxe6 Bxe6 56. Nxe6+ Rexe6 57. Rxe6 Qf7 58. Rxf6 Qxf6 59.
Qe5 Qf7 60. Kg2 Kg8 61. Kf3 Qf5 62. Qxf5 gxf5 63. h3 Kf7 64. g4 1-0

[Event "7MCR_4D_1L_3S"]
[Site "?"]
[Date "2006.??.??"]
[Round "?"]
[White "Trita, Stanislav"]
[Black "Riha, Jan"]
[Result "1/2-1/2"]
[WhiteElo "2159"]
[BlackElo "2277"]
[PlyCount "60"]
[EventDate "2006.??.??"]
[EventType "corr"]

1. e4 e5 2. Nf3 Nf6 3. Bb5 a6 4. Ba4 Nc6 5. O-O Be7 6. Re1 b5 7. Bb3 O-O 8. h3
Bb7 9. d3 d6 10. a3 Qd7 11. Nc3 Nd8 12. d4 exd4 13. Nxd4 Re8 14. Nf5 Ne6 15.
Be3 Nc5 16. Bxc5 dxc5 17. Qxd7 Nxd7 18. Nxe7+ Rxe7 19. Nd5 Bxd5 20. Bxd5 Rc8
21. Rad1 c6 22. Ba2 Nb6 23. Re2 c4 24. c3 Rd7 25. Rxd7 Nxd7 26. Bb1 Nc5 27. Rd2
Re8 28. Kf1 Kf8 29. f3 Re6 30. Bc2 Ke7 1/2-1/2

[Event "7MCR_4D_1L_3S"]
[Site "?"]
[Date "2006.??.??"]
[Round "?"]
[White "Trita, Stanislav"]
[Black "Svrsek, Radomir"]
[Result "1-0"]
[WhiteElo "2159"]
[BlackElo "2211"]
[PlyCount "99"]
[EventDate "2006.??.??"]
[EventType "corr"]

1. e4 c5 2. Nf3 Nc6 3. Bb5 a6 4. Bxc6 bxc6 5. O-O d6 6. e5 Bg4 7. d3 dxe5 8.
Nbd2 f6 9. Re1 e6 10. Re4 Bh5 11. Nc4 Ne7 12. Rh4 Bg6 13. Bd2 Nd5 14. Ba5 Qc8
15. Nfd2 Rb8 16. Ne4 Qd7 17. Qg4 Nf4 18. Bd2 f5 19. Qd1 Qd8 20. g3 Be7 21. Ba5
Qd5 22. Ncd6+ Bxd6 23. c4 Qd4 24. Bc3 fxe4 25. Bxd4 exd4 26. dxe4 Rxb2 27. gxf4
Bxe4 28. f5 Bxf5 29. Rxd4 cxd4 30. Qxd4 Ba3 31. Qc3 Rc2 32. Qxa3 Rxc4 33. f3
Kf7 34. Qxa6 Rc2 35. Qa7+ Kf6 36. Qd4+ Kg6 37. Kh1 Rg8 38. a4 Kf7 39. a5 g5 40.
Qd7+ Kf6 41. h3 Ra8 42. a6 Bxh3 43. Qb7 Rd8 44. a7 Bg2+ 45. Kg1 Bxf3 46. a8=Q
Rxa8 47. Rxa8 Bd5 48. Qxh7 Rg2+ 49. Kf1 Rg4 50. Rg8 1-0

[Event "7MCR_4D_1L_4S"]
[Site "?"]
[Date "2006.??.??"]
[Round "?"]
[White "Bares, Jiri"]
[Black "Cvak, Rudolf"]
[Result "1-0"]
[WhiteElo "2211"]
[BlackElo "2140"]
[PlyCount "90"]
[EventDate "2006.??.??"]
[EventType "corr"]

1. d4 Nf6 2. c4 g6 3. Nc3 Bg7 4. e4 d6 5. Nf3 O-O 6. Be2 e5 7. d5 a5 8. h3 Na6
9. Bg5 Qe8 10. g4 Nd7 11. a3 Rb8 12. Qc2 Ndc5 13. Nd2 a4 14. h4 Bd7 15. h5 h6
16. Be3 g5 17. O-O-O Qd8 18. Kb1 c6 19. dxc6 bxc6 20. Nxa4 Qa5 21. Nxc5 Nxc5
22. Ka2 Ne6 23. Nb3 Qc7 24. c5 d5 25. exd5 cxd5 26. Rxd5 Bc6 27. Bc4 Nf4 28.
Rdd1 Bxh1 29. Rxh1 Rfd8 30. Qe4 Rd7 31. Rc1 Rbd8 32. Bb5 Rd5 33. a4 Nd3 34.
Bxd3 Rxd3 35. c6 R3d5 36. a5 Rb5 37. a6 Rdb8 38. a7 Rxb3 39. axb8=Q+ Rxb8 40.
Kb1 Bf8 41. Qa4 Rb4 42. Qa7 Bd6 43. Qxc7 Bxc7 44. Bc5 Rxg4 45. b4 Kg7 1-0

[Event "7MCR_4D_1L_4S"]
[Site "?"]
[Date "2006.??.??"]
[Round "?"]
[White "Bares, Jiri"]
[Black "Glaser, Karel"]
[Result "1-0"]
[WhiteElo "2211"]
[BlackElo "2159"]
[PlyCount "147"]
[EventDate "2006.??.??"]
[EventType "corr"]

1. d4 Nf6 2. c4 e6 3. Nc3 d5 4. cxd5 exd5 5. Bg5 c6 6. e3 Be7 7. Bd3 Nbd7 8.
Nf3 O-O 9. Qc2 Re8 10. O-O Nf8 11. h3 Ng6 12. Bxf6 Bxf6 13. b4 Qd6 14. b5 Bd7
15. bxc6 Bxc6 16. a4 a6 17. a5 Bd8 18. Rfc1 Bc7 19. Qb3 Rab8 20. Na4 Bxa5 21.
Nc5 Bd8 22. Bxg6 hxg6 23. Nxa6 Ra8 24. Ne5 Rxe5 25. dxe5 Qxe5 26. Ra3 d4 27.
Nb4 Rxa3 28. Qxa3 dxe3 29. Qxe3 Qxe3 30. fxe3 Bb6 31. Kf2 Be4 32. Rc8+ Kh7 33.
Nc2 f5 34. Nd4 f4 35. g3 g5 36. Re8 fxe3+ 37. Kxe3 Bg2 38. Re5 Bxh3 39. Rb5 Bc7
40. Kf3 b6 41. g4 Bf1 42. Ne2 Kg6 43. Kf2 Bxe2 44. Kxe2 Bd8 45. Kd3 Kf6 46. Kd4
Ke6 47. Re5+ Kd6 48. Rd5+ Kc7 49. Kc4 Be7 50. Kb5 Bf6 51. Rf5 Bd4 52. Rd5 Bf6
53. Rf5 Bd4 54. Kc4 Bf6 55. Kd5 Kd7 56. Rf3 Kc7 57. Rf2 Kb7 58. Kd6 b5 59. Kc5
Kc7 60. Re2 Bc3 61. Kxb5 Kd6 62. Kc4 Be5 63. Kd3 Kd5 64. Re1 Bf6 65. Re8 Be5
66. Rd8+ Ke6 67. Ke4 Bf4 68. Re8+ Kf7 69. Ra8 g6 70. Kd5 Ke7 71. Ra6 Kf7 72.
Re6 Bh2 73. Re2 Bb8 74. Kc6 1-0

[Event "7MCR_4D_1L_4S"]
[Site "?"]
[Date "2006.??.??"]
[Round "?"]
[White "Bares, Jiri"]
[Black "Kosek, Lubomir"]
[Result "1-0"]
[WhiteElo "2211"]
[BlackElo "2043"]
[PlyCount "93"]
[EventDate "2006.??.??"]
[EventType "corr"]

1. d4 Nf6 2. c4 g6 3. Nc3 Bg7 4. e4 d6 5. Nf3 O-O 6. Be2 e5 7. d5 Nbd7 8. O-O
Nc5 9. Qc2 a5 10. Bg5 h6 11. Be3 b6 12. Nd2 Ng4 13. Bxg4 Bxg4 14. f3 Bd7 15. b3
f5 16. a3 f4 17. Bf2 Qg5 18. Kh1 Rfc8 19. b4 Nb7 20. Rfb1 Kh7 21. c5 dxc5 22.
bxc5 Nxc5 23. Bxc5 bxc5 24. Na4 Qe7 25. Nxc5 Be8 26. Rb7 a4 27. Rab1 Bf7 28.
Nd3 Qe8 29. Rc1 Kg8 30. Rxc7 Rxc7 31. Qxc7 g5 32. Nc4 Rc8 33. Nd6 Rxc7 34. Rxc7
Qd8 35. Rc8 Qxc8 36. Nxc8 Bf8 37. Nb6 Bxa3 38. Nxa4 Be8 39. Nb6 Bd6 40. Nc8 Ba3
41. Nxe5 Bb2 42. Nc4 Bc3 43. Ne7+ Kf8 44. Nc6 h5 45. e5 h4 46. e6 Bf6 47. Nb6
1-0

[Event "7MCR_4D_1L_4S"]
[Site "?"]
[Date "2006.??.??"]
[Round "?"]
[White "Bares, Jiri"]
[Black "Schwarz, Jan"]
[Result "1/2-1/2"]
[WhiteElo "2211"]
[BlackElo "2289"]
[PlyCount "102"]
[EventDate "2006.??.??"]
[EventType "corr"]

1. d4 Nf6 2. c4 e6 3. Nc3 Nc6 4. Nf3 Bb4 5. Qc2 d6 6. a3 Bxc3+ 7. Qxc3 a5 8. b3
O-O 9. Bb2 Re8 10. e3 e5 11. dxe5 dxe5 12. Rd1 Qe7 13. Be2 Bf5 14. Nh4 Bg4 15.
Bxg4 Nxg4 16. Nf3 f6 17. h3 Nh6 18. O-O e4 19. Nd4 Ne5 20. c5 Nd3 21. c6 b6 22.
Rd2 Nf7 23. a4 Rad8 24. Qc4 Qb4 25. Qxb4 Nxb4 26. Bc3 Nd5 27. Bb2 Ne5 28. Rfd1
Nd3 29. Nb5 f5 30. Nd4 f4 31. exf4 N5xf4 32. Nb5 Re6 33. Nxc7 Rxc6 34. Be5 g5
35. Nb5 Rd7 36. h4 h6 37. Bb8 Kh7 38. hxg5 hxg5 39. Bxf4 gxf4 40. Re2 Re6 41.
Nc3 e3 42. g3 Re5 43. fxe3 fxe3 44. Kg2 Kg6 45. Rf1 Nc5 46. Rd1 Rxd1 47. Nxd1
Nxb3 48. Rxe3 Rxe3 49. Nxe3 Nc5 50. Nc4 Nxa4 51. g4 Kf6 1/2-1/2